Statistics for Reveal the US States by Letter

Click here to take the quiz!

General Stats

  • This quiz has been taken 156 times
  • The average score is 34 of 50

Answer Stats

Answer% Correct
Alabama
95%
Arizona
95%
Arkansas
95%
Alaska
93%
California
90%
Colorado
90%
Connecticut
90%
Florida
85%
Delaware
84%
Illinois
77%
Hawaii
74%
Nebraska
74%
Nevada
74%
Idaho
72%
Indiana
72%
Iowa
72%
Georgia
70%
Massachusetts
70%
Michigan
70%
Minnesota
70%
Mississippi
70%
Missouri
70%
New Hampshire
70%
New Jersey
70%
New Mexico
70%
New York
70%
North Carolina
70%
North Dakota
70%
Louisiana
69%
Maine
69%
Maryland
69%
Montana
69%
Oklahoma
69%
Oregon
69%
Ohio
67%
Pennsylvania
57%
South Carolina
56%
South Dakota
56%
Rhode Island
54%
Kansas
51%
Kentucky
51%
Wyoming
51%
Tennessee
48%
Texas
48%
Washington
43%
West Virginia
43%
Wisconsin
43%
Vermont
38%
Virginia
38%
Utah
33%

Score Distribution

Percentile by Number Answered

Percent of People with Each Score

Your Score History

You have not taken this quiz